Telecommunications and the computer

Đã lưu trong:
書目詳細資料
主要作者: Martin, James
格式: 圖書
語言:Undetermined
出版: Englewood Cliffs, N.J Prentice-Hall 1969
主題:
標簽: 添加標簽
沒有標簽, 成為第一個標記此記錄!
Thư viện lưu trữ: Trung tâm Học liệu Trường Đại học Cần Thơ
LEADER 00519nam a2200181Ia 4500
001 CTU_84082
008 210402s9999 xx 000 0 und d
082 |a 621.38 
082 |b M379 
100 |a Martin, James 
245 0 |a Telecommunications and the computer 
245 0 |c James Martin 
260 |a Englewood Cliffs, N.J 
260 |b Prentice-Hall 
260 |c 1969 
650 |a Data transmission systems,Telecommunication 
904 |i Qhieu(sửa) 
980 |a Trung tâm Học liệu Trường Đại học Cần Thơ